Statistics for music trivia: songs from the year 2000

Click here to take the quiz!

General Stats

  • This quiz has been taken 52 times
    (41 since last reset)
  • The average score is 5 of 15

Answer Stats

when I say a song titleYou tell me who sang and played it (artist or group)% Correct
YellowColdplay
84%
Beautiful DayU2
73%
Maria MariaSantana feat. The Product G & B
51%
Kryptonite3 Doors Down
49%
OthersideRed Hot Chili Peppers
30%
Meet VirginiaTrain
30%
Thank YouDido
27%
I TryMacy Gray
22%
BabylonDavid Gray
19%
Things Have ChangedBob Dylan
16%
There She GoesSixpence None the Richer
16%
Bohemian Like YouThe Dandy Warhols
16%
Steal My KissesBen Harper
11%
You're an OceanFastball
8%
The Great BeyondR.E.M.
8%

Score Distribution

Percentile by Number Answered

Percent of People with Each Score

Your Score History

You have not taken this quiz since the last reset